|
|
|
|
| LEADER |
00000nam a2200000 a 4500 |
| 001 |
vtls001449282 |
| 003 |
SK-MaSNL |
| 005 |
20260302035859.0 |
| 008 |
251113sm y0 SE a r 0 eng |
| 020 |
|
|
|c [200,00]
|
| 035 |
|
|
|a SNK000404557
|
| 040 |
|
|
|a SNK
|b slo
|c SNK
|e AACR2
|
| 044 |
|
|
|a SE
|
| 072 |
|
7 |
|a 655
|x Polygrafia. Vydavateľstvá a knižný obchod
|2 konspekt
|
| 080 |
|
|
|a 655.2
|2 1981
|
| 080 |
|
|
|a 655.1+686.1]:74/77
|2 1981
|
| 080 |
|
|
|a (083.824)
|2 1981
|
| 245 |
1 |
|
|a Typographica
|b Sept. 10,2002 - Jan. 10, 2003 : an exhibition of 20th century typography and graphic design
|c compiled and edited by C. F. Hultenheim
|
| 246 |
1 |
4 |
|a Typographica, 1900-2000
|
| 260 |
|
|
|a Stockholm
|b Royal Library
|c 2002
|
| 300 |
|
|
|a [76] s.
|b ilustr.
|c 21 cm
|
| 490 |
1 |
|
|a Exhibition catalogue
|v no. 138
|
| 500 |
|
|
|a Na obale názov: Typographica, 1900-2000
|
| 650 |
0 |
7 |
|a typografia
|y stor. 19.-20.
|2 SNK
|9 689455
|
| 650 |
0 |
7 |
|a knižné umenie
|y stor. 19.-20.
|2 SNK
|9 689456
|
| 655 |
|
7 |
|a textové kalendáre
|2 SNK
|9 60816
|
| 655 |
|
7 |
|a katalógy výstav
|2 SNK
|9 70445
|
| 700 |
1 |
|
|a Hultenheim, C. F.
|4 zos
|4 edi
|9 689457
|
| 830 |
|
0 |
|a Exhibition catalogue
|9 689458
|
| 999 |
|
|
|c 1072421
|d 1074351
|
| 952 |
|
|
|t P60, <04>, [BOOK], {604}
|a SNK
|b SNK
|y VYP
|7 0
|p 17A0377889
|o snkIC 130672
|i snkV 532/2003
|0 0
|1 0
|4 0
|d 2003-03-05
|l 0
|r 2005-01-02 00:00:00
|w 2026-02-24
|